| 000 | 00771nam a22002177a 4500 | ||
|---|---|---|---|
| 005 | 20170301122737.0 | ||
| 010 | _a1617EN ENG-117039 | ||
| 020 |
_a9780670088485 _c599.00 |
||
| 035 | _aB-649603-619 | ||
| 035 | _aEN-100571 | ||
| 037 |
_aDPL _bAAKAR |
||
| 037 | _bDBAD/PUB | ||
| 082 | _aN | ||
| 100 | _aRushdie, Salman | ||
| 245 |
_aTwo Years eight months and teenty-eight nights: _cby Salman Rushdie _ba novel / |
||
| 260 |
_aGurgaon _bPenguin Books _c2015 |
||
| 270 |
_a7th floor, infinity Toer C, DLF Cyber City _bGurgaon (Haryana) _e122002 |
||
| 300 |
_a286p. _c24cm(hb) |
||
| 942 |
_2ddc _cEN _hN _mRUS |
||
| 999 |
_c102181 _d102181 |
||